[Event "TUR-chT 2nd League"]
[Site "Konya"]
[Date "2018.07.19"]
[Round "5.16"]
[White "Doganoglu, Doga"]
[Black "Sahin, Sena"]
[Result "0-1"]
[WhiteElo "1116"]
[BlackElo "1267"]
[PlyCount "116"]
[EventDate "2018.07.16"]
[EventType "team-swiss"]
[EventRounds "9"]
[EventCountry "TUR"]
[SourceTitle "EXT 2019"]
[Source "ChessBase"]
[SourceDate "2018.10.10"]
[SourceVersion "1"]
[SourceVersionDate "2018.10.10"]
[SourceQuality "1"]
[WhiteTeam "Mersin Zeka"]
[BlackTeam "Maras Spor Kulubu"]
[WhiteTeamCountry "TUR"]
[BlackTeamCountry "TUR"]

1. d4 Nf6 2. Nf3 e6 3. Bf4 Nc6 4. e3 b6 5. c3 Bb7 6. Bd3 Be7 7. Nbd2 0-0 8. Ne5 d6 9. Ng4 Re8 10. Nxf6+ Bxf6 11. Qh5 g6 12. Qg4 e5 13. Bh6 exd4 14. cxd4 Nxd4 15. 0-0 Bc8 16. Qg3 Nf5 17. Qf3 d5 18. Bf4 Bxb2 19. Rab1 Be5 20. Rfc1 Bxf4 21. Qxf4 Nd6 22. Nf3 c5 23. Qh6 Qf6 24. Ng5 Qg7 25. Qh4 Bf5 26. Bxf5 Nxf5 27. Qf4 f6 28. Nf3 Re4 29. Qxe4 dxe4 30. Nd2 Nd6 31. Rd1 f5 32. Nb3 Nc4 33. Rdc1 Ne5 34. Rd1 Nd3 35. h3 Qh6 36. Nd2 Qh4 37. Rf1 Rd8 38. Nb3 Ne5 39. Rfd1 Rc8 40. Rd2 Rd8 41. Rdd1 Rxd1+ 42. Rxd1 Nd3 43. Rf1 f4 44. Nd2 f3 45. gxf3 exf3 46. Nxf3 Qxh3 47. Nd2 Ne5 48. Rd1 Ng4 49. Nf1 Qf3 50. Rd8+ Kg7 51. Rd7+ Kh6 52. Rd2 Qf5 53. Ng3 Qf7 54. Nf1 Ne5 55. Rc2 Nf3+ 56. Kh1 Qf5 57. Re2 Qh3+ 58. Nh2 Qxh2# 0-1

[Event "TUR-chT 2nd League"]
[Site "Konya"]
[Date "2018.07.16"]
[Round "1.15"]
[White "Doganoglu, Doga"]
[Black "Sahin, Dilem"]
[Result "0-1"]
[WhiteElo "1116"]
[BlackElo "1279"]
[PlyCount "74"]
[EventDate "2018.07.16"]
[EventType "team-swiss"]
[EventRounds "9"]
[EventCountry "TUR"]
[SourceTitle "EXT 2019"]
[Source "ChessBase"]
[SourceDate "2018.10.10"]
[SourceVersion "1"]
[SourceVersionDate "2018.10.10"]
[SourceQuality "1"]
[WhiteTeam "Mersin Zeka"]
[BlackTeam "Altin Hamle Corum"]
[WhiteTeamCountry "TUR"]
[BlackTeamCountry "TUR"]

1. d4 c5 2. e3 Nf6 3. Nf3 g6 4. c4 Bg7 5. Nc3 0-0 6. Be2 d6 7. h3 Qb6 8. Qb3 Nc6 9. dxc5 Qxc5 10. 0-0 Na5 11. Qa4 Bd7 12. Nb5 a6 13. Qxa5 axb5 14. Qd2 bxc4 15. Qd1 Ba4 16. Qd4 Rfc8 17. Qxc5 Rxc5 18. Nd2 d5 19. b3 Bxb3 20. Nxb3 cxb3 21. Bb2 Rc2 22. Bxf6 Bxf6 23. Bd3 Rcxa2 24. Rab1 b2 25. Kh2 R8a3 26. Be2 e5 27. Rfd1 e4 28. Rxd5 Ra1 29. Rdd1 Rxb1 30. Rxb1 Ra1 31. Rd1 Rxd1 32. Bxd1 b1Q 33. Bg4 Be5+ 34. g3 Qf1 35. h4 Qxf2+ 36. Kh1 Bxg3 37. Bd1 Qh2# 0-1

[Event "TUR-chT 2nd League"]
[Site "Konya"]
[Date "2017.07.22"]
[Round "8.11"]
[White "Doganoglu, Doga"]
[Black "Kaya, Ilgin"]
[Result "0-1"]
[WhiteElo "1166"]
[BlackElo "1366"]
[PlyCount "98"]
[EventDate "2017.07.17"]
[EventType "team-swiss"]
[EventRounds "9"]
[EventCountry "TUR"]
[SourceTitle "CBM 179 Extra"]
[Source "ChessBase"]
[SourceDate "2017.08.23"]
[SourceVersion "1"]
[SourceVersionDate "2017.08.23"]
[SourceQuality "1"]
[WhiteTeam "Mersin Zeka"]
[BlackTeam "Corum Belediye"]
[WhiteTeamCountry "TUR"]
[BlackTeamCountry "TUR"]

1. d4 d5 2. Nf3 Nf6 3. Bf4 e6 4. e3 Bd6 5. Bg3 0-0 6. Bd3 b6 7. Ne5 Bb7 8. Qf3 c5 9. c3 Nc6 10. Bf4 cxd4 11. exd4 Qc7 12. Qe3 Rfe8 13. Nd2 Nd7 14. Qh3 Nf8 15. Bg3 Nxe5 16. dxe5 Bxe5 17. Nf3 Bd6 18. Qh5 h6 19. 0-0 Bxg3 20. fxg3 e5 21. Nh4 e4 22. Be2 Re5 23. Qg4 Bc8 24. Qf4 Ne6 25. Qe3 Qc5 26. Qxc5 Nxc5 27. Rad1 g5 28. b4 Na4 29. Bb5 Nxc3 30. Bc6 Rb8 31. Rde1 gxh4 32. Rf6 Re6 33. Rxe6 Bxe6 34. gxh4 Nxa2 35. b5 Nb4 36. Rb1 Nxc6 37. bxc6 Rc8 38. Rc1 Kf8 39. Kf2 Ke7 40. Ke3 Kd6 41. Kd4 Rxc6 42. Rxc6+ Kxc6 43. g3 a5 44. Kc3 Kc5 45. Kd2 a4 46. Kc3 d4+ 47. Kd2 a3 48. Kc2 a2 49. Kb2 e3 0-1

[Event "TUR-chT 2nd League"]
[Site "Konya"]
[Date "2017.07.19"]
[Round "4.5"]
[White "Bahar, Fatma Sude"]
[Black "Doganoglu, Doga"]
[Result "1-0"]
[WhiteElo "1087"]
[BlackElo "1166"]
[PlyCount "125"]
[EventDate "2017.07.17"]
[EventType "team-swiss"]
[EventRounds "9"]
[EventCountry "TUR"]
[SourceTitle "CBM 179 Extra"]
[Source "ChessBase"]
[SourceDate "2017.08.23"]
[SourceVersion "1"]
[SourceVersionDate "2017.08.23"]
[SourceQuality "1"]
[WhiteTeam "Konya Erkin"]
[BlackTeam "Mersin Zeka"]
[WhiteTeamCountry "TUR"]
[BlackTeamCountry "TUR"]

1. d4 Nf6 2. c4 e6 3. Nc3 Bb4 4. a3 Bxc3+ 5. bxc3 b6 6. Bg5 h6 7. Bh4 g5 8. Bg3 Ne4 9. Qc2 f5 10. f3 Nxg3 11. hxg3 d6 12. e4 Qf6 13. exf5 exf5 14. 0-0-0 Bb7 15. Re1+ Kd7 16. Bd3 Rf8 17. d5 Re8 18. Bxf5+ Kd8 19. Rxe8+ Kxe8 20. Qe4+ Kf8 21. Ne2 Na6 22. Qe6 Qxe6 23. dxe6 Kg7 24. Nd4 Re8 25. Bh3 Nc5 26. Bg4 Nd3+ 27. Kd2 Nf2 28. Nf5+ Kg8 29. Nxh6+ Kf8 30. Rh5 Nxg4 31. Nxg4 Rxe6 32. Rxg5 Kf7 33. Ne3 Ba6 34. a4 Rh6 35. a5 Rh1 36. f4 Kf6 37. Nd5+ Kf7 38. axb6 cxb6 39. Rf5+ Kg6 40. Rf6+ Kg7 41. Rxd6 Bxc4 42. Ne3 Bb5 43. c4 Be8 44. f5 Rh7 45. Nd5 Kf7 46. Nf6 Rh2 47. Ke3 Rxg2 48. Kf3 Rc2 49. Nxe8 Kxe8 50. Rc6 a5 51. Rxb6 Rxc4 52. Ra6 a4 53. g4 Rc3+ 54. Kf4 a3 55. g5 Kf7 56. Ra7+ Kf8 57. g6 Rc4+ 58. Kg5 Rc3 59. g7+ Kg8 60. Kg6 Rg3+ 61. Kf6 a2 62. Ra8+ Kh7 63. Rh8# 1-0